| 000 | 00437nam a22001577a 4500 | ||
|---|---|---|---|
| 005 | 20250915161556.0 | ||
| 008 | 250915b |||||||| |||| 00| 0 eng d | ||
| 020 | _a979-8-88715-315-5 | ||
| 100 | _aSTUART, JESSIE | ||
| 245 | _aSEWAGE AND SEWAGE TREATMENT | ||
| 260 |
_aDUBLIN _bORYSON PRESS _c2024 |
||
| 300 | _aVI, 254P. | ||
| 500 | _aINCLUDES INDEX | ||
| 650 | _a1. SEWAGE PURIFICATION 2. SASTE WATER TREATMENT | ||
| 942 |
_2lcc _cBK |
||
| 999 |
_c216094 _d216094 |
||